[Event "51st World Juniors"]
[Site "Athens GRE"]
[Date "2012.08.02"]
[Round "1.46"]
[White "Muhammad, Luthfi Ali"]
[Black "Rios, Cristhian Camilo"]
[Result "1-0"]
[WhiteTitle "CM"]
[BlackTitle "FM"]
[WhiteElo "2078"]
[BlackElo "2398"]
[WhiteFideId "7103743"]
[BlackFideId "4403940"]
[EventDate "2012.08.02"]

1. e4 c5 2. Nf3 e6 3. d4 cxd4 4. Nxd4 Nf6 5. Nc3 d6 6. Bc4 a6 7. Bb3 b5 8. O-O
Be7 9. Qf3 Qb6 10. Be3 Qb7 11. Qg3 b4 12. Na4 Nbd7 13. f3 O-O 14. Ne2 Ne5 15.
Nb6 Rb8 16. a3 Bd8 17. Nxc8 Qxc8 18. axb4 Rxb4 19. Kh1 Kh8 20. Rfd1 Bb6 21. Bxb6
Rxb6 22. Rd4 Qb8 23. Rad1 Ned7 24. Nc3 Nc5 25. Na4 Nxb3 26. cxb3 e5 27. Nxb6
exd4 28. Nc4 Qxb3 29. Rxd4 Rc8 30. Qxd6 Rxc4 31. Qf8+ Ng8 32. Qxg8+ 1-0

[Event "51st World Juniors"]
[Site "Athens GRE"]
[Date "2012.08.02"]
[Round "1.47"]
[White "Mazur, Stefan"]
[Black "Nishant, Malhotra"]
[Result "1-0"]
[WhiteTitle "IM"]
[WhiteElo "2394"]
[BlackElo "2076"]
[WhiteFideId "14909332"]
[BlackFideId "5099129"]
[EventDate "2012.08.02"]

1. e4 e5 2. Nf3 Nc6 3. Bb5 a6 4. Ba4 Nf6 5. O-O Bc5 6. c3 b5 7. Bc2 d5 8. d4
dxe4 9. Nxe5 Nxe5 10. dxe5 Qxd1 11. Rxd1 Ng4 12. Bxe4 Nxf2 13. Bc6+ Ke7 14. Rd5
Bb6 15. Bg5+ f6 16. exf6+ gxf6 17. Bh4 Ng4+ 18. Kh1 Rb8 19. Nd2 Be6 20. Rh5 Kf7
21. h3 Ne5 22. Rf1 Nxc6 23. Rxf6+ Ke7 24. Rhh6 Bf7 25. Ne4 Ke8 26. Rxc6 Kd7 27.
Nc5+ Bxc5 28. Rxc5 Bg6 29. Bg3 Rbc8 30. h4 c6 31. h5 Be8 32. Rg5 Rd8 33. Rg7+
Kc8 34. Rc7+ 1-0

[Event "51st World Juniors"]
[Site "Athens GRE"]
[Date "2012.08.02"]
[Round "1.48"]
[White "Du Plessis, Heinco"]
[Black "Anwesh, Upadhyaya"]
[Result "0-1"]
[BlackTitle "IM"]
[WhiteElo "2075"]
[BlackElo "2374"]
[WhiteFideId "14306263"]
[BlackFideId "5028949"]
[EventDate "2012.08.02"]

1. e4 e5 2. Nf3 Nc6 3. Nc3 Nf6 4. Bb5 Bd6 5. d3 O-O 6. a3 Re8 7. g4 Nxg4 8. Rg1
Nf6 9. Bh6 g6 10. Bc4 Nd4 11. Ng5 Re7 12. Ne2 Ne6 13. Ng3 Kh8 14. Qf3 Ng8 15.
Nxe6 fxe6 16. Bg5 Rf7 17. Qxf7 Qxg5 18. h4 Qf6 19. Qxf6+ Nxf6 20. Ke2 b6 21. h5
g5 22. c3 Bb7 23. f3 h6 24. Rh1 Rf8 25. Nf1 Be7 26. Ne3 c5 27. Bb3 Bd8 28. c4
Bc6 29. Ng4 Nxg4 30. fxg4 Rf4 31. Rhf1 Kg7 32. Rxf4 exf4 33. Bc2 Kf6 34. Re1 Ke5
35. Kd2 Kd4 36. Bd1 b5 37. Ke2 bxc4 38. Bc2 cxd3+ 39. Bxd3 f3+ 40. Kd2 Ba5+ 41.
b4 cxb4 0-1

[Event "51st World Juniors"]
[Site "Athens GRE"]
[Date "2012.08.02"]
[Round "1.49"]
[White "Baghdasaryan, Vahe"]
[Black "Carbone, Diego"]
[Result "1-0"]
[WhiteTitle "IM"]
[WhiteElo "2368"]
[BlackElo "2069"]
[WhiteFideId "13303139"]
[BlackFideId "3002179"]
[EventDate "2012.08.02"]

1. e4 c5 2. Nf3 e6 3. d4 cxd4 4. Nxd4 Nc6 5. Nc3 Qc7 6. Be2 a6 7. O-O Nf6 8. Kh1
Nxd4 9. Qxd4 Bc5 10. Qd3 b5 11. f4 Bb7 12. Bf3 d5 13. exd5 O-O 14. dxe6 Rad8 15.
Qe2 Rfe8 16. Bxb7 Qxb7 17. f5 fxe6 18. fxe6 Qc6 19. Bg5 Rxe6 20. Qf3 Qxf3 21.
gxf3 b4 22. Na4 Ba7 23. Rad1 Red6 24. Rxd6 Rxd6 25. c3 a5 26. cxb4 axb4 27. Rc1
h6 28. Bf4 Rd7 29. b3 Nd5 30. Bd2 Kf7 31. Nb2 Bd4 32. Nd3 Ra7 33. Rc4 Bc3 34.
Bxc3 bxc3 35. a4 Ke6 36. Kg1 Kd6 37. Nc5 Re7 38. Ne4+ Ke5 39. Nxc3 Nxc3 40. Rxc3
Kd4 41. Rc4+ 1-0

[Event "51st World Juniors"]
[Site "Athens GRE"]
[Date "2012.08.02"]
[Round "1.50"]
[White "Haria, Ravi"]
[Black "Velten, Paul"]
[Result "0-1"]
[BlackTitle "FM"]
[WhiteElo "2054"]
[BlackElo "2366"]
[WhiteFideId "415820"]
[BlackFideId "681091"]
[EventDate "2012.08.02"]

1. e4 e6 2. d4 d5 3. Nd2 Be7 4. Ngf3 Nf6 5. e5 Nfd7 6. Bd3 c5 7. c3 Nc6 8. O-O
g5 9. dxc5 Nxc5 10. Bc2 Qc7 11. Qe2 b6 12. b4 Nd7 13. Nb3 Bb7 14. Re1 g4 15.
Nfd4 Qxe5 16. Qd1 Qg7 17. Nxc6 Bxc6 18. Nd4 Bb7 19. Bf5 Rc8 20. Bxg4 Rg8 21. Bh3
Rxc3 22. Be3 a6 23. Rc1 Rc4 24. a3 Qg6 25. g3 Ne5 26. f4 Ng4 27. f5 exf5 28. Bf4
Kf8 29. Qe2 Bf6 30. Rxc4 dxc4 31. Nxf5 Qxf5 32. Bh6+ Nxh6 33. Bxf5 Nxf5 34. Qe8+
Kg7 35. Qd7 Bc8 36. Qd2 Rd8 37. Qc1 c3 38. g4 Nd4 39. Qf4 h6 40. Kg2 Ne6 41. Qf3
Rd2+ 42. Kg3 Nd4 43. Qe4 Bd7 44. Rf1 Bc6 45. Qe3 Re2 0-1

[Event "51st World Juniors"]
[Site "Athens GRE"]
[Date "2012.08.02"]
[Round "1.51"]
[White "Soors, Stef"]
[Black "Zwakala, Ntando"]
[Result "1/2-1/2"]
[WhiteTitle "FM"]
[WhiteElo "2364"]
[BlackElo "2054"]
[WhiteFideId "209511"]
[BlackFideId "14308967"]
[EventDate "2012.08.02"]

1. e4 c5 2. c3 e6 3. Nf3 d5 4. exd5 exd5 5. d4 Nf6 6. Bg5 cxd4 7. Bb5+ Nc6 8.
O-O Be7 9. Nxd4 Bd7 10. Bxf6 Bxf6 11. Re1+ Kf8 12. Nb3 a6 13. Be2 d4 14. cxd4
Bf5 15. Bg4 Nxd4 16. Bxf5 Nxf5 17. Qg4 g6 18. Nc3 Bxc3 19. bxc3 Qf6 20. Qb4+ Kg7
21. Qxb7 Qxc3 22. Rac1 Rhe8 23. Rf1 Qf6 24. Rc6 Qg5 25. Rxa6 Rxa6 26. Qxa6 Nh4
27. Qc6 Rc8 28. f4 Qg4 29. Qd5 Rc2 30. Rf2 Rxf2 31. Qd4+ Kg8 32. Qxf2 Qd1+ 33.
Qf1 Qc2 34. h3 Qxa2 35. Qf2 Qxb3 36. Qxh4 Qe6 37. Qd8+ Kg7 38. Qd4+ Kg8 39. Kf2
h5 40. Qe5 Qb3 41. Qe8+ Kg7 42. Qe5+ Kg8 43. Qe3 Qc2+ 44. Qe2 Qc5+ 45. Qe3 Qc2+
46. Qe2 Qc5+ 47. Kg3 Qd6 48. Qe5 Qd3+ 49. Kh4 Qd8+ 50. Kg3 Qd3+ 51. Kh2 Kh7 52.
Qf6 Qc4 53. Kg3 Qb3+ 54. Kh4 Qd5 55. g3 Qa2 56. Qe7 Qd5 57. Qg5 Qf3 58. Qe5 Qd3
59. Qf6 Qc4 60. Qe7 Qd5 1/2-1/2

[Event "51st World Juniors"]
[Site "Athens GRE"]
[Date "2012.08.02"]
[Round "1.52"]
[White "Stepanyan, Henrik"]
[Black "Griffiths, Ryan Rhys"]
[Result "0-1"]
[BlackTitle "FM"]
[WhiteElo "2022"]
[BlackElo "2362"]
[WhiteFideId "401030"]
[BlackFideId "2502054"]
[EventDate "2012.08.02"]

1. c4 c5 2. Nc3 Nc6 3. Nf3 e5 4. e3 Nf6 5. d3 d5 6. cxd5 Nxd5 7. Be2 Be6 8. O-O
Be7 9. Qd2 Ndb4 10. b3 O-O 11. Bb2 f5 12. Nb5 Bf6 13. Rfd1 Qe7 14. Na3 Rad8 15.
Qc1 Bd5 16. Rd2 g5 17. Nc2 Na6 18. e4 fxe4 19. dxe4 Bxe4 20. Bxa6 bxa6 21. Nce1
Bd5 22. Rc2 g4 23. Nd2 Bg5 24. Ba3 Nd4 0-1

[Event "51st World Juniors"]
[Site "Athens GRE"]
[Date "2012.08.02"]
[Round "1.53"]
[White "De Filomeno, Simone"]
[Black "Kalogridakis, Georgios"]
[Result "1-0"]
[WhiteTitle "FM"]
[WhiteElo "2358"]
[BlackElo "2017"]
[WhiteFideId "828688"]
[BlackFideId "4249666"]
[EventDate "2012.08.02"]

1. e4 c5 2. Nf3 e6 3. d4 cxd4 4. Nxd4 Nf6 5. Nc3 d6 6. g3 Be7 7. Bg2 O-O 8. O-O
Nc6 9. Nb3 a6 10. h3 Qc7 11. a4 Ne5 12. Qe2 Bd7 13. f4 Nc4 14. Kh2 Rfc8 15. Nd2
Rab8 16. b3 Ne3 17. Qxe3 Qxc3 18. Qxc3 Rxc3 19. Ra2 b5 20. e5 dxe5 21. fxe5 Nd5
22. Ne4 Rc7 23. axb5 axb5 24. Bd2 Bb4 25. Rd1 Bc6 26. c4 bxc4 27. bxc4 Bxd2 28.
cxd5 Bxd5 29. Raxd2 h6 30. Nf2 Bxg2 31. Rd8+ Rxd8 32. Rxd8+ Kh7 33. Kxg2 Rc2 34.
Kf3 Kg6 35. Rd7 Rc3+ 36. Nd3 Ra3 37. Ke3 f6 38. Re7 Ra6 39. Nf4+ Kf5 40. Rxg7
Kxe5 41. Nd3+ Kd6 42. Rg6 h5 43. Rxf6 Ra5 44. Nf4 Ra3+ 45. Kf2 h4 46. Rxe6+ Kd7
47. gxh4 Ra4 48. Rf6 Ke7 49. Nd5+ Ke8 50. Kf3 Rd4 51. Rf5 Kd7 52. Nf4 Ke7 53. h5
Ra4 54. h6 1-0

[Event "51st World Juniors"]
[Site "Athens GRE"]
[Date "2012.08.02"]
[Round "1.54"]
[White "Poulopoulos, Ioannis"]
[Black "Aggelis, Nikolaos"]
[Result "0-1"]
[BlackTitle "FM"]
[WhiteElo "2007"]
[BlackElo "2352"]
[WhiteFideId "4218078"]
[BlackFideId "4213220"]
[EventDate "2012.08.02"]

1. e4 Nf6 2. e5 Nd5 3. c4 Nb6 4. d4 d6 5. exd6 exd6 6. Bd3 Nc6 7. Ne2 Be7 8.
Nbc3 Nb4 9. O-O Nxd3 10. Qxd3 O-O 11. b3 Bg4 12. Ng3 d5 13. c5 Nc8 14. h3 Be6
15. Re1 b6 16. cxb6 axb6 17. f4 Bh4 18. f5 Bxg3 19. Qxg3 Bxf5 20. Re5 Be4 21.
Nxe4 dxe4 22. Bh6 Qxd4+ 23. Kh2 g6 24. Bxf8 Kxf8 25. Qg5 Kg7 26. Rf1 Qd6 27. Qf4
f5 28. Re8 Kf7 29. Qxd6 cxd6 30. Rh8 Ke6 31. Rc1 Kd7 32. a4 f4 33. Kg1 d5 34.
Kf2 g5 35. Rd1 Ra5 36. b4 Rxa4 37. Rxd5+ Ke6 38. Rxg5 Nd6 39. Rxh7 Nf5 40. Rg6+
Ke5 41. Rh5 e3+ 42. Kf3 Ra2 43. Rgg5 Rf2+ 44. Kg4 Rxg2+ 45. Kf3 Rf2+ 46. Kg4
Rg2+ 47. Kf3 Rf2+ 48. Kg4 Ke4 49. Rxf5 Rg2+ 50. Kh4 f3 51. Rd5 e2 52. Rhe5+ Kf4
53. Re8 f2 54. Rd7 Rg5 55. Rd4+ Kf5 56. Rd5+ Kf6 57. Rd6+ Kf7 58. Rde6 Rf5 59.
R8e7+ Kf8 60. Re8+ Kg7 61. R8e7+ Rf7 62. Rxf7+ Kxf7 63. Rxe2 f1=Q 64. Re4 Qf2+ 0-1

[Event "51st World Juniors"]
[Site "Athens GRE"]
[Date "2012.08.02"]
[Round "1.55"]
[White "Jacko, Vladimir2"]
[Black "Zeppos, Panagiotis"]
[Result "1-0"]
[WhiteTitle "FM"]
[WhiteElo "2349"]
[BlackElo "1978"]
[WhiteFideId "14915928"]
[BlackFideId "4228383"]
[EventDate "2012.08.02"]

1. e4 e5 2. Nf3 Nc6 3. Bc4 Nf6 4. Ng5 d5 5. exd5 Na5 6. Bb5+ Bd7 7. Qe2 Be7 8.
Nc3 O-O 9. O-O c6 10. dxc6 Nxc6 11. Bxc6 Bxc6 12. d3 h6 13. Nf3 Re8 14. Nxe5 Bd6
15. Nxc6 bxc6 16. Qf3 Qc7 17. h3 Rab8 18. Rb1 Nd7 19. Ne4 Be5 20. c3 c5 21. Be3
Bh2+ 22. Kh1 Ne5 23. Qe2 f5 24. Nxc5 f4 25. Na6 Qb7 26. Nc5 Qc6 27. Bd4 f3 28.
Qe4 Qd6 29. g3 Bxg3 30. fxg3 Nc4 31. Qxf3 Rf8 32. Qg2 Rxf1+ 33. Rxf1 1-0

[Event "51st World Juniors"]
[Site "Athens GRE"]
[Date "2012.08.02"]
[Round "1.56"]
[White "Davis, Ashley J"]
[Black "Gemy, Jose Daniel"]
[Result "0-1"]
[BlackTitle "FM"]
[WhiteElo "1929"]
[BlackElo "2345"]
[WhiteFideId "407798"]
[BlackFideId "3301478"]
[EventDate "2012.08.02"]

1. d4 d5 2. g3 c6 3. Bg2 Nf6 4. Nf3 Bf5 5. O-O e6 6. c4 Bd6 7. b3 Nbd7 8. Bb2
O-O 9. Nc3 h6 10. Nd2 Qe7 11. e4 dxe4 12. Ndxe4 Ba3 13. Bxa3 Qxa3 14. d5 Nxe4
15. Nxe4 Bxe4 16. Bxe4 Nf6 17. Qf3 exd5 18. cxd5 Rae8 19. dxc6 Nxe4 20. Rfe1 Qb4
21. Qg4 f5 22. Qh4 bxc6 0-1

[Event "51st World Juniors"]
[Site "Athens GRE"]
[Date "2012.08.02"]
[Round "1.57"]
[White "Stanciu, Alexandru-Ovidiu"]
[Black "Wu, Kevin"]
[Result "1-0"]
[WhiteElo "2342"]
[BlackElo "1905"]
[WhiteFideId "1217674"]
[BlackFideId "2609720"]
[EventDate "2012.08.02"]

1. Nf3 g6 2. d4 Bg7 3. c4 c5 4. d5 f5 5. g3 d6 6. Bg2 Qb6 7. Nbd2 Nf6 8. O-O O-O
9. Re1 h6 10. e4 e5 11. dxe6 Bxe6 12. Nh4 Kh7 13. Bh3 Ng8 14. exf5 Bxf5 15. Bxf5
gxf5 16. Nxf5 Bd4 17. Nf3 Nc6 18. N3xd4 Nxd4 19. Nxd4 cxd4 20. b3 Qc5 21. Bb2 1-0

[Event "51st World Juniors"]
[Site "Athens GRE"]
[Date "2012.08.02"]
[Round "1.58"]
[White "Tsiros, Fragkiskos Vlasios"]
[Black "Malikentzos, Sotirios"]
[Result "0-1"]
[BlackTitle "FM"]
[WhiteElo "1897"]
[BlackElo "2337"]
[WhiteFideId "4228200"]
[BlackFideId "4215079"]
[EventDate "2012.08.02"]

1. e4 c6 2. d4 d5 3. Nc3 dxe4 4. Nxe4 Bf5 5. Ng3 Bg6 6. h4 h6 7. Nf3 Nf6 8. Ne5
Bh7 9. Bd3 Bxd3 10. Qxd3 e6 11. Bd2 Be7 12. O-O-O Nbd7 13. f4 O-O 14. Qf3 Qc7
15. Rhe1 c5 16. Nxd7 Qxd7 17. dxc5 Qd5 18. Qxd5 Nxd5 19. c4 Bxh4 20. cxd5 Bxg3
21. Re5 Rac8 22. Be3 exd5 23. Rexd5 Rfe8 24. Kd2 Re4 25. Rf1 Rce8 26. Rd3 h5 27.
Rf3 h4 28. f5 Be5 29. b3 Rg4 30. Rf2 Rg3 31. Re2 Bf6 32. Bf2 Rxe2+ 33. Kxe2 Rxg2
34. Kf3 h3 35. Rd1 Rg5 36. Ke4 g6 37. fxg6 fxg6 38. Rh1 Re5+ 39. Kf3 Rf5+ 40.
Ke2 Rh5 41. b4 Be5 42. Kf3 Kf7 43. Kg4 h2 44. Bg3 Bxg3 45. Kxg3 Ke6 46. Rxh2
Rxh2 47. Kxh2 Kd5 48. Kg3 Kc4 49. a3 a5 50. bxa5 Kxc5 51. Kg4 Kb5 52. a6 bxa6
53. Kg5 Ka4 54. Kxg6 Kxa3 55. Kf5 Kb2 56. Ke4 a5 0-1

[Event "51st World Juniors"]
[Site "Athens GRE"]
[Date "2012.08.02"]
[Round "1.59"]
[White "Grandadam, Nicolas"]
[Black "Cajahuanca Ramirez, Olindo"]
[Result "1-0"]
[WhiteTitle "FM"]
[WhiteElo "2333"]
[BlackElo "1856"]
[WhiteFideId "681806"]
[BlackFideId "3811530"]
[EventDate "2012.08.02"]

1. Nf3 Nf6 2. c4 g6 3. Nc3 Bg7 4. e4 d6 5. d4 O-O 6. Be2 e5 7. Be3 exd4 8. Nxd4
Re8 9. f3 c6 10. Bf2 d5 11. exd5 cxd5 12. O-O Nc6 13. c5 Nd7 14. Re1 Nf8 15.
Ncb5 Ne6 16. Nxe6 Bxe6 17. Qd2 b6 18. cxb6 axb6 19. Rac1 Rc8 20. Red1 Re7 21.
Bh4 f6 22. Bf1 Bf7 23. Bf2 Rb7 24. Rc2 Ne7 25. Rdc1 Rxc2 26. Qxc2 Rd7 27. Rd1
Nf5 28. Bd3 Nd6 29. Qc6 Nxb5 30. Bxb5 Rd6 31. Qc2 d4 32. Bg3 Rd5 33. Bc4 Rd7 34.
Bxf7+ Kxf7 35. Bf4 f5 36. Qc4+ Kf8 37. Qe6 Rd5 38. Bc7 Qd7 39. Qxd7 Rxd7 40.
Bxb6 d3 41. b3 Bc3 42. Be3 Ke8 43. Kf1 Ke7 44. a4 Rd5 45. Bd2 Bd4 46. g3 Bb2 47.
b4 Kd7 48. b5 Kc7 49. Rb1 Bd4 50. Rb3 Bc5 51. a5 Kb7 52. Ke1 Bg1 53. h3 Ba7 54.
a6+ Ka8 55. b6 Bb8 56. Bf4 Bxf4 57. gxf4 Ra5 58. b7+ Kb8 59. Rb6 Ra2 60. Rc6 Rb2
61. Rc8+ 1-0

[Event "51st World Juniors"]
[Site "Athens GRE"]
[Date "2012.08.02"]
[Round "1.60"]
[White "Hatzoudis, Gerasimos"]
[Black "Wageih, Kareim"]
[Result "0-1"]
[BlackTitle "IM"]
[WhiteElo "1843"]
[BlackElo "2332"]
[WhiteFideId "4221370"]
[BlackFideId "10604561"]
[EventDate "2012.08.02"]

1. d4 d5 2. c4 c6 3. Nf3 Nf6 4. Nc3 dxc4 5. a4 Bf5 6. e3 e6 7. Bxc4 Bb4 8. O-O
O-O 9. Qe2 Bg4 10. h3 Bh5 11. Rd1 Nbd7 12. e4 Qc7 13. e5 Nd5 14. Nxd5 cxd5 15.
Bd3 Bg6 16. Bxg6 hxg6 17. Qb5 Be7 18. a5 Qc6 19. Qb3 Rfc8 20. Bd2 Qa6 21. Rdc1
Rc6 22. Qa4 Rac8 23. b4 b5 24. Qb3 Rc4 25. Qb2 Nb8 26. Ne1 Qb7 27. Nd3 Nc6 28.
Bc3 a6 29. g3 Qa7 30. Kg2 Rd8 31. Qd2 Nxd4 0-1

[Event "51st World Juniors"]
[Site "Athens GRE"]
[Date "2012.08.02"]
[Round "1.61"]
[White "Kleinman, Michael"]
[Black "Papasimakopoulos, Vasilios"]
[Result "1-0"]
[WhiteTitle "FM"]
[WhiteElo "2330"]
[BlackElo "1820"]
[WhiteFideId "2609479"]
[BlackFideId "4244141"]
[EventDate "2012.08.02"]

1. e4 e6 2. d4 d5 3. Nd2 Nf6 4. e5 Nfd7 5. Bd3 c5 6. c3 Nc6 7. Ne2 cxd4 8. cxd4
f6 9. exf6 Nxf6 10. Nf3 Bd6 11. O-O Qc7 12. Bg5 O-O 13. Rc1 Bd7 14. Re1 Rae8 15.
Bh4 Qb8 16. Bb5 Nh5 17. Bg3 Nxg3 18. hxg3 a6 19. Ba4 Re7 20. Nc3 Rf6 21. Bxc6
Bxc6 22. Ne5 Be8 23. Qd2 b5 24. Nd1 Rc7 25. Rxc7 Qxc7 26. Qc3 b4 27. Qxc7 Bxc7
28. Nd3 Bb6 29. Nxb4 Bh5 30. Nc2 e5 31. g4 Bxg4 32. Nde3 Bd7 33. dxe5 Rf8 34.
Nb4 Be6 35. Rc1 Bxe3 36. fxe3 Rb8 37. Nxa6 Rxb2 38. Nc5 Kf7 39. a4 Bf5 40. Rf1
Kg6 41. e6 Rb8 42. Rd1 Be4 43. a5 Rb5 44. Nxe4 dxe4 45. a6 Ra5 46. Rd6 Kf6 47.
Kf2 h5 48. Ke1 g5 49. Kd2 Ke7 50. Rc6 h4 51. Kc3 g4 52. Rc7+ Kxe6 53. Rh7 h3 54.
gxh3 gxh3 55. Kb4 Ra2 56. Rxh3 Kf5 57. Rh5+ Kg4 58. Ra5 Rb2+ 59. Kc5 Kf3 60. a7
Rc2+ 61. Kd5 Rd2+ 62. Ke5 1-0

[Event "51st World Juniors"]
[Site "Athens GRE"]
[Date "2012.08.02"]
[Round "1.62"]
[White "Kalofonos, Panayotis"]
[Black "Kilpatrick, Callum"]
[Result "1-0"]
[BlackTitle "FM"]
[WhiteElo "1806"]
[BlackElo "2326"]
[WhiteFideId "4233824"]
[BlackFideId "414425"]
[EventDate "2012.08.02"]

1. e4 e5 2. Nf3 Nc6 3. Bb5 a6 4. Ba4 Nf6 5. O-O Be7 6. Re1 b5 7. Bb3 d6 8. c3
O-O 9. h3 Na5 10. Bc2 c5 11. d4 Qc7 12. d5 Bd7 13. b3 Rfc8 14. Nbd2 c4 15. b4
Nb7 16. a4 bxa4 17. Bxa4 a5 18. Bxd7 Nxd7 19. Ba3 Nb6 20. Qc2 Ra6 21. bxa5 Nxa5
22. Bb4 Rca8 23. Ra2 Nb7 24. Rea1 Rxa2 25. Rxa2 Rxa2 26. Qxa2 g6 27. Qa7 Bd8 28.
Ne1 f5 29. f3 Bg5 30. Nf1 Bd8 31. Nc2 Qc8 32. Na3 fxe4 33. fxe4 Nc5 34. Nd2 Nb7
35. Qa6 Qd7 36. Naxc4 Nc8 37. Qc6 Qc7 38. Qxc7 Bxc7 39. Nf3 Nb6 40. Nxb6 Bxb6+
41. Kf1 Bd8 42. Ke2 Kf7 43. Kd3 Ke8 44. Kc4 Kd7 45. Kb5 Be7 46. c4 Nd8 47. c5
Nf7 48. c6+ Kc8 49. Kb6 Bd8+ 50. Ka7 Bc7 51. Nd2 Bb8+ 52. Ka8 Bc7 53. Nc4 h5 54.
Ba3 g5 55. Bb4 g4 56. hxg4 hxg4 57. Ba3 Ng5 58. Nxd6+ Bxd6 59. Bxd6 Nxe4 60.
Bxe5 Nd2 61. d6 Nc4 62. d7+ Kd8 63. Bf6+ 1-0

[Event "51st World Juniors"]
[Site "Athens GRE"]
[Date "2012.08.02"]
[Round "1.63"]
[White "Ivekovic, Zvonimir"]
[Black "Zervos, Lazaros"]
[Result "1/2-1/2"]
[WhiteElo "2320"]
[BlackElo "1799"]
[WhiteFideId "14511320"]
[BlackFideId "4238362"]
[EventDate "2012.08.02"]

1. e4 c5 2. Nf3 d6 3. d4 cxd4 4. Nxd4 Nf6 5. Nc3 a6 6. Bc4 e6 7. Bb3 Be7 8. Be3
b5 9. f3 Bb7 10. Qd2 O-O 11. O-O-O Nbd7 12. g4 Nc5 13. g5 Nfd7 14. h4 Nb6 15. g6
Qd7 16. h5 b4 17. Nce2 d5 18. h6 fxg6 19. hxg7 Rf7 20. Nf4 e5 21. Nxg6 hxg6 22.
Nf5 Rxf5 23. exf5 Qxf5 24. Bxc5 Bxc5 25. Kb1 Qf4 26. Qg2 Kxg7 27. Qh3 Kf6 28.
Qh7 Bc6 29. Rh6 Qf5 30. Rdh1 Be3 31. R1h5 Qxh5 32. Rxh5 gxh5 33. f4 exf4 34.
Qh6+ Kf5 1/2-1/2

[Event "51st World Juniors"]
[Site "Athens GRE"]
[Date "2012.08.02"]
[Round "1.64"]
[White "Alexiadis, Hristos"]
[Black "Farid, Firman Syah"]
[Result "0-1"]
[BlackTitle "CM"]
[WhiteElo "1769"]
[BlackElo "2318"]
[WhiteFideId "4249623"]
[BlackFideId "7102526"]
[EventDate "2012.08.02"]

1. e4 c6 2. d4 d6 3. Nc3 e5 4. dxe5 dxe5 5. Qxd8+ Kxd8 6. Bg5+ f6 7. O-O-O+ Kc7
8. Be3 Be6 9. Bd3 Nd7 10. f4 Bd6 11. f5 Bf7 12. Nf3 g5 13. h4 g4 14. Nd2 h5 15.
Bc4 Rh7 16. Bxf7 Rxf7 17. Nc4 Bf8 18. a4 Nb6 19. Nd2 Bb4 20. Na2 Bxd2+ 21. Rxd2
Nc4 22. Rd3 Nxe3 23. Rxe3 Rd7 24. Rd1 Ne7 25. Rxd7+ Kxd7 26. Kd2 Nc8 27. Rd3+
Nd6 28. Nc3 Kc7 29. b3 b6 30. g3 a6 31. Ke3 Rd8 32. Rd1 b5 33. axb5 axb5 34. Ra1
Nb7 35. b4 Rd4 36. Rb1 Nd6 37. Kf2 Rd2+ 38. Kf1 Rxc2 39. Rb3 Rc1+ 40. Ke2 Nc4
41. Nd1 Rc2+ 42. Ke1 Nd2 43. Rb2 Rxb2 0-1

[Event "51st World Juniors"]
[Site "Athens GRE"]
[Date "2012.08.02"]
[Round "1.65"]
[White "Codenotti, Marco"]
[Black "Panagos, Theodoros"]
[Result "1-0"]
[WhiteTitle "FM"]
[WhiteElo "2314"]
[BlackElo "1768"]
[WhiteFideId "800015"]
[BlackFideId "4236955"]
[EventDate "2012.08.02"]

1. e4 c5 2. Nf3 d6 3. d4 cxd4 4. Nxd4 Nf6 5. Nc3 a6 6. a4 e5 7. Nf3 h6 8. Bc4
Be7 9. O-O O-O 10. Qe2 Qc7 11. h3 b6 12. Be3 Bb7 13. Rfd1 Rd8 14. Ba2 Nbd7 15.
Nd2 Qc6 16. f3 a5 17. Qc4 Qxc4 18. Nxc4 Nc5 19. Nxb6 Ra6 20. Nbd5 Nxd5 21. Nxd5
Bxd5 22. Bxd5 Rb8 23. b3 Kf8 24. Bc4 Ra7 25. Rab1 Rc7 26. Bd2 Ra8 27. Bd5 Raa7
28. Be3 Ke8 29. c3 Ra6 30. b4 axb4 31. cxb4 Nxa4 32. b5 Ra5 33. b6 Rc8 34. b7
Rb8 35. Bc6+ Kd8 36. Ra1 Kc7 37. Bxa4 Rxb7 38. Rdc1+ Kd8 39. Bc6 1-0

[Event "51st World Juniors"]
[Site "Athens GRE"]
[Date "2012.08.03"]
[Round "2.1"]
[White "Gao, Rui"]
[Black "Ding, Liren"]
[Result "1/2-1/2"]
[WhiteTitle "IM"]
[BlackTitle "GM"]
[WhiteElo "2442"]
[BlackElo "2695"]
[WhiteFideId "8602387"]
[BlackFideId "8603677"]
[EventDate "2012.08.02"]

1. e4 c6 2. d4 d5 3. Nc3 dxe4 4. Nxe4 Nd7 5. Nf3 Ngf6 6. Nxf6+ Nxf6 7. c3 g6 8.
Bd3 Bg7 9. h3 O-O 10. O-O b6 11. Bf4 Bb7 12. Qe2 e6 13. Rad1 Qe7 14. Ba6 Rfd8
15. Bxb7 Qxb7 16. Be5 Rd7 17. Nd2 Rad8 18. Qf3 Ne8 19. Bxg7 Kxg7 20. Nc4 Rd5 21.
Ne3 R5d7 22. Ng4 Rd6 23. a3 Qc7 24. Qe2 h5 25. Ne5 Nf6 26. Rd3 Rd5 27. Rfd1 c5
28. Nf3 a5 29. Qe3 a4 30. dxc5 bxc5 31. c4 Rxd3 32. Rxd3 Rxd3 33. Qxd3 Qf4 34.
Qc3 h4 35. Ne1 Qd6 36. Nd3 e5 37. f3 Nd7 38. f4 f6 39. fxe5 fxe5 40. b3 axb3 41.
Qxb3 Qd4+ 42. Nf2 e4 43. Kf1 Nf6 44. Ke2 g5 45. Ng4 Kg6 46. a4 Nxg4 47. hxg4 Qd7
48. a5 Qxg4+ 49. Kf2 Qf4+ 50. Ke2 Qh2 51. Kf2 Qe5 52. Ke2 Qa1 53. Qc2 Kf5 54.
Qd2 Kg6 55. Qc2 Kf5 56. Qd2 Kg6 1/2-1/2

[Event "51st World Juniors"]
[Site "Athens GRE"]
[Date "2012.08.03"]
[Round "2.2"]
[White "Yu, Yangyi"]
[Black "Barbosa, Evandro Amorim"]
[Result "1-0"]
[WhiteTitle "GM"]
[BlackTitle "IM"]
[WhiteElo "2635"]
[BlackElo "2436"]
[WhiteFideId "8603820"]
[BlackFideId "2115824"]
[EventDate "2012.08.02"]

1. e4 c5 2. Nf3 e6 3. d4 cxd4 4. Nxd4 Nc6 5. Nc3 Qc7 6. Be3 a6 7. Qd2 Nf6 8.
O-O-O Be7 9. f3 O-O 10. g4 b5 11. Kb1 Ne5 12. g5 Nh5 13. Rg1 Bb7 14. f4 Nc4 15.
Bxc4 Qxc4 16. Nb3 d6 17. f5 b4 18. Na4 Bxe4 19. Nb6 Qc7 20. f6 Nxf6 21. gxf6
Bxf6 22. Nxa8 Rxa8 23. Bd4 e5 24. Be3 Rc8 25. Qxd6 Qc4 26. Ka1 Bg6 27. Bg5 1-0